| 000 | 00437cam a22001097a 4500 | ||
|---|---|---|---|
| 008 | 180718b1958 xxu||||| |||| 00| 0 eng d | ||
| 082 | _aD212x42/1957-58 | ||
| 245 |
_aThe United Kingdom debendencies, 1957-1958 _cby Reference Division, Central Office of Information |
||
| 260 |
_aLondon _bReference Division, Central Office of Information _c1958 |
||
| 300 | _a17p. | ||
| 700 | _aUnited Kingdom. Central Office of Information. Reference Division | ||
| 999 |
_c490445 _d490445 |
||